Using Questionaires and Surveys to Boost Your Business (Record no. 842331)

MARC details
000 -LEADER
fixed length control field 00330pam a2200133 a 4500
020 ## - INTERNATIONAL STANDARD BOOK NUMBER
Terms of availability
041 ## - LANGUAGE CODE
Language code of original
082 ## - DEWEY DECIMAL CLASSIFICATION NUMBER
Classification number 650.1
100 ## - MAIN ENTRY--PERSONAL NAME
Personal name EVANS (N)
Relator term author
245 ## - TITLE STATEMENT
Title Using Questionaires and Surveys to Boost Your Business
Medium Textual Document
260 ## - PUBLICATION, DISTRIBUTION, ETC.
Name of publisher, distributor, etc. Pitman Publication London
Date of publication, distribution, etc. 1995
300 ## - PHYSICAL DESCRIPTION
Extent VII,232
930 ## - EQUIVALENCE OR CROSS-REFERENCE-UNIFORM TITLE HEADING [LOCAL, CANADA]
Uniform title 11573
Holdings
Withdrawn status Lost status Damaged status Not for loan Collection Home library Current library Date acquired Cost, normal purchase price Total Checkouts Full call number Barcode Date last seen Copy number Price effective from Koha item type
          Institute of Management & Research, New Delhi Institute of Management & Research, New Delhi 21/10/1999 225.00   650.1 IMD-26PB0006131 17/08/2023 1 17/08/2023 Book